000 01680cam a22004694i 4500
003 PE-LiUPU
005 20250731173451.0
008 150616s r 000 0 d
020 _a1563380625
035 _a(Sirsi) i9781563380624
040 _aPE-LiUPU
_bspa
_cPE-LiUPU
_erda
049 _aPRUA
082 0 4 _a220.6
_bCh23
_221
100 1 _aCharlesworth, James H.,
_eautor.
245 1 4 _aThe Old And New Testaments /
_cJames H. Charlesworth.
264 1 _aValley Forge, PA :
_bTrinity Press International,
_c1993.
300 _a140 páginas ;
_c21 centímetros
336 _atext
_2rdacontent
337 _aunmediated
_2rdamedia
338 _avolume
_2rdacarrier
505 0 _aThe Bible as the Shared story of a people -- What has the Old Testament to Do with the New? -- Apocalypticism as a Bridge Between the Testaments -- Christ the servant of the Lord.
526 _aSEG42
526 _aSEG41
526 _aSEG40
526 _aSEG39
526 _aP94
526 _aP87
526 _aP86
526 _aP85
526 _aP77
526 _aP76
526 _aP35
630 _aBiblia.
_pN.T.
_xRelación con el Antiguo Testamento.
700 1 _aWeaver, Walter P
910 _ajck
_bjvq
_cjck
942 _2ddc
_cBOOK
949 _a220.6 CH23
_wDEWEY
_c1
_i39838
_lCCODEBUL1
_mBUL
_r0
_sY
_tBOOK
_u2015-6-16
_xTEOLOGIA
_zUNKNOWN
_0COMPRA
_o.STAFF. Colección General
994 _aC0
_bPEPRU
596 _a1
999 _a220.6 CH23
_wDEWEY
_c57610
_i39838
_d57610
_f2021-11-9
_g5
_lCCODEBUL1
_mBUL
_q2
_r0
_sY
_tBOOK
_u2015-6-16
_xTEOLOGIA
_zUNKNOWN
_0COMPRA
_o.STAFF. Colección General
980 _81
_gALBERTO SANCHEZ Responsable de Automatización